| 000 | 00978 a2200205 4500 | ||
|---|---|---|---|
| 003 | Nust | ||
| 005 | 20230830111751.0 | ||
| 010 | _a 91018752 | ||
| 020 | _c0132112779 | ||
| 040 | _cNust | ||
| 082 | 0 | 0 | _a621.3815,BRE |
| 100 | 1 |
_aBreeding, Kenneth J. _941480 |
|
| 245 | 1 | 0 |
_aDigital design fundamentals / _cKenneth J. Breeding. |
| 250 | _a2nd ed. | ||
| 260 |
_aEnglewood Cliffs, N.J. : _bPrentice Hall, _cc1992. |
||
| 300 |
_axv, 446 p. : _bill. ; _c24 cm. |
||
| 505 | _aIntroduction to Digital Systems.(Page-1), Number Systems. (Page-7), Boolean and Switching Algebra. (Page-41), Gates and the Design of Switching Circuits. (Page-95), Sequential Circuits. (Page-137), Asynchronous Sequential Circuits. (Page-201), Pulse-Mode or Multiply Clocked Sequential Circuits. (Page-265), Special Topics In Switching Theory. (Page-301), Large-Scale System Design (Page-353), An Introduction to IEE Std (Page-419). | ||
| 650 | 0 | _aTelecommunication Engineering. | |
| 942 |
_cREF _2ddc |
||
| 999 |
_c175648 _d175648 |
||